000 00296nam a2200109Ia 4500
008 230302s9999 xx 000 0 und d
082 _a004.678BLA
100 _aBLANK (Uyless)
245 _aInternet Security Protocols Protecting IP Traffic
260 _aNEW YORK
_b PEACHPIT PRESS
365 _cRS
999 _c147685
_d147685